000 00784nam a22002537a 4500
001 44079
003 UA-OsUOA
005 20230915121102.0
007 ta
008 20100128b un ||||| |||| 00| 0 ukr d
040 _aUA-OsUOA
_bukr
_cUA-OsUOA
_dUA-OsUOA
041 _aukr
080 _a94(477).09
090 _a94(477).09
_bЕ99
100 _aЄфремов С.
245 _aБої 14-15 березня 1939 року на Карпатській Україні
260 _aУжгород
_bГражда
_c2009
300 _a100 с.
650 7 _a9 Географія. Біографії. Історія
_2UDC
942 _cBK
_2udc
955 _a4
999 _c423971
_d423971